1660 1737 2000 1323 1423 1965 1216 1637 1481 1891 1606 1587 1641 1894 1214 1547 1835 1342 1580 1382 1222 1178 1889 1032 1708 1487 1701 1785 1006 1878 1191 1095 1710 1860 1102 1293 1588 1762 1286 1846 1718 1306 1407 1760 1770 1634 1062 1987 1165 1061 1086 1591 1826 1150 1148 1104 1329 1285 1502 1149 1682 1233 1512 1517 1064 1944 1933 1826 1889 1869 1974 1903 1384 1039 1233 1158 1972 1660 1610 1159 1755 1827 1639 1445 1629 1564 1287 1905 1655 1557 1132 1803 1106 1587 1640 1392 1850 1082 1872 BCNSPRNW ULIB Ver.6.0+V

เปลี่ยนเป็นภาษาไทย

Change to English
 แสดงรายละเอียดบรรณานุกรม
  กลับหน้าหลัก

Brief Record : Get Marc (ISO 2709) : E-mail record : QR code < ปิดหน้าต่าง
LEADER : 00000nam 2200000uu 4500
001    13399122549
003     ULIB
008    120321s2551||||th 000 0 tha d
020    ^a9789741674183
090    ^aนว.^bซ116จ
100 0  ^aซ่อนกลิ่น
245 00 ^aเจ้าหญิงทะเลทราย/^cซ่อนกลิ่น
260    ^aกรุงเทพฯ :^bพิมพ์คำ,^c2551
300    ^a342 หน้า
710 1  ^aพิมพ์คำ
945    ^p220^l0^i19997
995    ^aทศพร
999    ^aใช้งานได้ทุกระบบ
รายการนี้ยังไม่มีแท็ก
คุณยังไม่ได้ล็อกอิน คุณสามารถมีกิจกรรมร่วมกับเว็บไซต์ได้ แต่ต้องล็อกอินก่อน ::
  ล็อกอิน

รายการสื่อสารสนเทศ

ลำดับที่ ประเภท เลขเรียก/บาร์โค้ด สถานที่ สถานะ
1. นวนิยาย
นวนิยาย
นว. ซ116จ ฉ.1 
  Barcode: 19997
ห้องสมุดวิทยาเขตสวรรค์ประชารักษ์
►นวนิยาย
บนชั้น
  ขอยืม

รายการใกล้เคียง
    ผู้แต่ง [ซ่อนกลิ่น]

BibComment


ยังไม่เคยถูกคอมเมนท์

คอมเมนท์ทรัพยากรรายการนี้
  คอมเมนท์: เจ้าหญิงทะเลทราย..


 Copyright 2026. Bcnsprnw @Library